Kỹ thuật nuôi một số loài cá nước ngọt và phòng trị bệnh cá
Guardat en:
| Autor principal: | |
|---|---|
| Format: | Llibre |
| Idioma: | Undetermined |
| Publicat: |
Hà Nội
Khoa học Kỹ thuật
2004
|
| Matèries: | |
| Etiquetes: |
Afegir etiqueta
Sense etiquetes, Sigues el primer a etiquetar aquest registre!
|
| Thư viện lưu trữ: | Trung tâm Học liệu Trường Đại học Cần Thơ |
|---|
| LEADER | 00627nam a2200193Ia 4500 | ||
|---|---|---|---|
| 001 | CTU_63159 | ||
| 008 | 210402s9999 xx 000 0 und d | ||
| 020 | |b 15000 | ||
| 082 | |a 639.31 | ||
| 082 | |b Kh107 | ||
| 100 | |a Phạm, Văn Khánh | ||
| 245 | 0 | |a Kỹ thuật nuôi một số loài cá nước ngọt và phòng trị bệnh cá | |
| 245 | 0 | |c Phạm Văn Khánh và Lý Thị Thanh Loan | |
| 260 | |a Hà Nội | ||
| 260 | |b Khoa học Kỹ thuật | ||
| 260 | |c 2004 | ||
| 650 | |a Fish-culture,Freshwater fish | ||
| 904 | |i Minh | ||
| 980 | |a Trung tâm Học liệu Trường Đại học Cần Thơ | ||